History Quiz

Random History or Quote Quiz
Score 0/28 Timer 08:00
4 Plays Today
% Correct
Fruit
98.3%
Failed
98.1%
Famous
98%
Fist
97.6%
Funeral
97.6%
Forward
97.4%
Fall
97.1%
Fun
95.3%
Feathers
95.3%
Fool
94.6%
Forgive
94.4%
Fire
94.3%
Facts
94%
Foot
93.7%
% Correct
Friend
93.3%
Friction
91.6%
Faith
91.5%
Finger
90.8%
Fish
90.1%
Fortune
90%
Fight
89.1%
Friendship
88.8%
Future
88.2%
Fault
87.3%
Freedom
86.4%
Fear
84.7%
Fate
73.5%
Fashion
50.5%
Remove Ads.
Support Sporcle.
Get the best of Sporcle when you Go Orange. This ad-free experience offers more features, more stats, and more fun while also helping to support Sporcle. Thank you for becoming a member.

You're not logged in!

Compare scores with friends on all Sporcle quizzes.
OR
Log In

Show Comments

Extras

Top Quizzes Today


Score Distribution

Your Account Isn't Verified!

In order to create a playlist on Sporcle, you need to verify the email address you used during registration. Go to your Sporcle Settings to finish the process.

Report this User

Report this user for behavior that violates our Community Guidelines.

Details: